00981naa a22002657a 4500001001000000003000900010005001700019007000300036008003400039040005400073041000900127072002600136100002300162100001500185100001500200111007900215245010300294260004000397500010900437650001700546650001400563650001000577650002200587773010600609BR8106939BR-BrBNA20240918175041.0ta230509b bl.||||| |||| 00| 0 por d aBR-BrBNAbporcBiblioteca Nacional de Agricultura a(Pt) aH60b0120b3876bG5141 aRuckheim Filho, O.1 aNuss, C.N.1 aKohler, C.1 a26. Reuniao Tecnica Anual do MilhocPorto Alegre, RS (Brazil)d11 Aug 19811 aEficiencia e seletividade de alguns novos herbicidas para a cultura do milho [Zea mays L.)[Brasil]3 aPorto Alegre, RS (Brasil): c1981.  aAta da 26. Reuniao Tecnica Anual do Milho Porto Alegre, RS (Brasil): 1981. p. 112-123 (BR8106939-AM)H60  aERVA DANINHA aHERBICIDA aMILHO aRIO GRANDE DO SUL0 tAta da 26. Reuniao Tecnica Anual do MilhowH60 BR8106939gPorto Alegre, RS (Brasil), 1981. p. 112-123